000 00485nam a2200145 i 4500
001 22377
003 ES-MaACL
007 t|
008 021202s1861 sp ||||1| spa d
100 1 _aAlonso y Eguílaz, Juan.
_920425
245 1 3 _aEl mundo hasta Jesucristo
_b: discurso familiar sobre la historia universal antigua /
_cpor Juan Alonso y Eguilaz.
260 _aMadrid :
_b[s.n.,
_c1861] (
_fBernabé Fernández Gil)
300 _aXXII, 312 p. ;
_c22 cm.
852 _aES-MaACL
_jG-12738
999 _c22377
_d22377